Parallel classic commentary on the Psalms : (Record no. 655)
[ view plain ]
| 000 -LEADER | |
|---|---|
| fixed length control field | 01189cam a2200301 a 4500 |
| 001 - CONTROL NUMBER | |
| control field | 14495821 |
| 003 - CONTROL NUMBER IDENTIFIER | |
| control field | GBCCL |
| 005 - DATE AND TIME OF LATEST TRANSACTION | |
| control field | 20241126110343.0 |
| 008 - FIXED-LENGTH DATA ELEMENTS--GENERAL INFORMATION | |
| fixed length control field | 060812s2005 tnu 000 0 eng |
| 010 ## - | |
| -- | 2006297455 |
| 020 ## - INTERNATIONAL STANDARD BOOK NUMBER | |
| International Standard Book Number | 0899574556 |
| 040 ## - CATALOGING SOURCE | |
| Original cataloging agency | DLC |
| Transcribing agency | DLC |
| Modifying agency | DLC |
| 050 00 - | |
| -- | BS1430.53 |
| -- | .P37 2005 |
| 082 00 - DEWEY DECIMAL CLASSIFICATION NUMBER | |
| Classification number | 223.2077 |
| Edition information | 22 |
| Item number | SPU |
| 245 00 - TITLE STATEMENT | |
| Title | Parallel classic commentary on the Psalms : |
| Remainder of title | Charles Spurgeon, John Calvin, Matthew Henry / |
| Statement of responsibility, etc. | [compiled and edited by Mark Water]. |
| 260 ## - PUBLICATION, DISTRIBUTION, ETC. | |
| Place of publication, distribution, etc. | Chattanooga, Tenn. : |
| Name of publisher, distributor, etc. | AMG Publishers, |
| Date of publication, distribution, etc. | c2005. |
| 300 ## - PHYSICAL DESCRIPTION | |
| Extent | xvi, 783 p. ; |
| Dimensions | 24 cm. |
| 505 0# - FORMATTED CONTENTS NOTE | |
| Formatted contents note | Introduction to the Psalms / C. H. Spurgeon -- Introduction to the Psalms / John Calvin -- Introduction to the Psalms / Matthew Henry -- Commentary on the Psalms. |
| 630 00 - SUBJECT ADDED ENTRY--UNIFORM TITLE | |
| Uniform title | Bible. |
| Name of part/section of a work | Psalms |
| 630 00 - SUBJECT ADDED ENTRY--UNIFORM TITLE | |
| Uniform title | Bible. |
| Name of part/section of a work | Psalms |
| Form subdivision | Commentaries. |
| 700 1# - ADDED ENTRY--PERSONAL NAME | |
| Personal name | Water, Mark. |
| 700 1# - ADDED ENTRY--PERSONAL NAME | |
| Personal name | Spurgeon, C. H. |
| Fuller form of name | (Charles Haddon), |
| Dates associated with a name | 1834-1892. |
| 700 1# - ADDED ENTRY--PERSONAL NAME | |
| Personal name | Calvin, Jean, |
| Dates associated with a name | 1509-1564. |
| 700 1# - ADDED ENTRY--PERSONAL NAME | |
| Personal name | Henry, Matthew, |
| Dates associated with a name | 1662-1714. |
| 906 ## - LOCAL DATA ELEMENT F, LDF (RLIN) | |
| a | 7 |
| b | cbc |
| c | origres |
| d | 2 |
| e | ncip |
| f | 20 |
| g | y-gencatlg |
| 942 ## - ADDED ENTRY ELEMENTS (KOHA) | |
| Source of classification or shelving scheme | Dewey Decimal Classification |
| Koha item type | Reference Books |
| Withdrawn status | Lost status | Source of classification or shelving scheme | Damaged status | Not for loan | Home library | Current Library | Shelving location | Date acquired | Cost, normal purchase price | Total checkouts | Full call number | Barcode | Date last seen | Copy number | Price effective from | Koha item type |
|---|---|---|---|---|---|---|---|---|---|---|---|---|---|---|---|---|
| Dewey Decimal Classification | GRACE BIBLE COLLEGE | GRACE BIBLE COLLEGE | Commentary | 2017-01-11 | 1200.00 | 223.2077 SPU | 010289 | 2025-05-01 | c.1 | 2017-01-11 | Reference Books |